01785cam a2200337 a 45000010005000000030008000050050017000130080041000300200023000710200026000940350020001200350018001400400040001580410008001980820030002061000041002362450073002772600052003503000021004025040051004235050348004746500022008226500022008446500031008666510049008979420012009469990015009589520158009739520157011319520159012885760BD-RjUL20211208234125.0140107s1999 enk 001 0 eng d a0761993169 (cased) a8170367816 (India-HB) a(OCoLC)40359434 a(BD-RjUL)5799 aDLCbengcDLCdUkdLCdANLdBD-RjUL aeng00a352.3670954bKHR 19992231 aKhandwalla, Pradip N.,d1940-91808510aRevitalizing the state :ba menu of options /cPradip N. Khandwalla. aNew Delhi ;aLondon :bSage Publications,c1999 a303 p. ;c23 cm. aIncludes bibliographical references and index.00aMachine derived contents note: Foreword - I K Gujral -- The State Is Dead, Long Live the State -- Recharging the Bureaucracy -- Fragmenting the State for Innovation -- Slimming the State for Effectiveness -- Reinventing the Democratic State -- Revitalizing the Indian State -- Performance -- Revitalizing the Indian State -- A Menu of Options. 0aState, The.96136 0aBureaucracy.9515 0aBureaucracyzIndia.918086 0aIndiaxPolitics and governmenty1977-918087 2ddccBK c5760d5760 00102ddc40708NFICaRUCLbRUCLd2008-07-24eDhaka, Paragon Enterprises Ltd.g650.00l0o352.3670954 KHR 1999r2014-01-07 00:00:00tC-3w2021-12-08yBK 00102ddc40708NFICaRUCLbRUCLcStackd2007-08-09eParagon Enterpries Ltd.g595.00l0o352.3670954 KHR 1999r2016-09-29 00:00:00tC-2w2016-09-29yBK 00102ddc40718NFICaRUCLbRUCLcReadingd2007-08-09eParagon Enterpries Ltd.g595.00l0o352.3670954 KHR 1999r2016-12-26 00:00:00tC-1w2016-12-26yBK